All Star Trek Movies! - Statistics

General Stats
  • This quiz has been taken 57 times
  • The average score is 11 of 14
Answer Stats
Hint Answer % Correct
1979 Star Trek
100%
2009 Star Trek
100%
1982 The Wrath of Khan
98%
1984 The Search For Spock
92%
1996 First Contact
88%
1994 Generations
86%
1986 The Voyage Home
84%
2013 Into Darkness
82%
2002 Nemesis
80%
2016 Beyond
76%
1989 The Final Frontier
76%
1991 The Undiscovered Country
76%
1998 Insurrection
75%
2023 Star Trek 4
10%
No matching quizzes found
Score Distribution
Percent of People with Each Score
Percentile by Number Answered
Your Score History
You have not taken this quiz